Fínsky vidiečan v zemi slovenskej

Bibliographic Details
Main Author: Siekkinen, Keijo (Author)
Format: Article
Language:Slovak
Subjects:

MARC

LEADER 00000nab a2200000 a 4500
001 vtls000252856
003 SK-MaSNL
005 20260304074436.0
008 250422c1986 xo 0 slo
015 |a SNBRB19rr/mm-uuuuu 
035 |a CL0262970 
035 |a urn:nbn:sk:snk-abbfxb 
035 |a (urnnbn)urn:nbn:sk:snk:ar-000ik7 
035 |a (uuid)201e1ba6-f462-4fde-b666-d8ff93e507dc 
040 |a SNKBUCL  |b slo  |c SNKBUCL  |e AACR2 
041 0 |a slo 
044 |a xo  |c SK 
080 |a 894.541-992  |2 1981 
100 1 |a Siekkinen, Keijo  |4 aut  |9 1287551 
245 1 0 |a Fínsky vidiečan v zemi slovenskej  |c Keijo Siekkinen ; P.K., P.K. 
500 |a V rubrike Kontakty. 
650 0 7 |a črty  |2 snkbucl  |9 893809 
655 7 |a články z novín a časopisov  |2 snkbucl  |9 267496 
773 0 |t Romboid  |g Roč. 21, č. 6 (1986), s. 61-63 
850 |a Slovenská národná knižnica 
852 |a Slovenská národná knižnica 
958 |a article15 
958 |a OND 
958 |a RK 
958 |a LX 
958 |a EUIPO 
992 |a RBX 
999 |c 2776209  |d 2778139